|
|
|
|
| LEADER |
00865nab a2200229 i 4500 |
| 001 |
misc64808 |
| 005 |
20240927143950.0 |
| 008 |
240227s1930 hu o 000 eng d |
| 040 |
|
|
|a SZTE Miscellanea Repozitórium
|b hun
|
| 041 |
|
|
|a eng
|
| 100 |
1 |
|
|a Širokogorov Sergej Mihajlovič
|
| 245 |
1 |
0 |
|a Notes on the bilabialization and aspiration of the vowels in the Tungus languages
|h [elektronikus dokumentum] /
|c Širokogorov Sergej Mihajlovič
|
| 260 |
|
|
|a Nakladem Polskiego Towarzystwa Orjentalistycznego
|b Lwów
|c 1930
|
| 300 |
|
|
|a 235-263
|c 24 cm
|
| 300 |
|
|
|a 29 p.
|c 24 cm
|
| 490 |
0 |
|
|a Rocznik Orjentalistyczny
|
| 561 |
|
|
|a Németh Gyula hagyaték
|
| 591 |
|
|
|a NOA 5631
|
| 650 |
|
4 |
|a Bölcsészettudományok
|
| 650 |
|
4 |
|a Nyelvek és irodalom
|
| 695 |
|
|
|a Tunguz nyelv - hangtan
|
| 856 |
4 |
0 |
|u http://misc.bibl.u-szeged.hu/64808/1/5631_noa.pdf
|z Dokumentum-elérés
|